The cleverest person in the world : Elementary level

Αποθηκεύτηκε σε:
Λεπτομέρειες βιβλιογραφικής εγγραφής
Κύριος συγγραφέας: Whitney, Norman
Μορφή: Βιβλίο
Γλώσσα:English
Δημοσίευση: Oxford : Heinemann, 1992
Θέματα:
Ετικέτες: Προσθήκη ετικέτας
Δεν υπάρχουν, Καταχωρήστε ετικέτα πρώτοι!

MARC

LEADER 00000nam a2200000 i 4500
001 1/22910
008 950309s1992 eng d
020 |a 0-435-27198-9 
035 |l 10021985 
040 |a GR-MY-UA  |b gre  |e aacr 
041 0 |a eng 
082 0 |a 428.64 
100 1 |a Whitney, Norman. 
245 1 4 |a The cleverest person in the world :  |b Elementary level /  |c Norman Whitney 
260 |a Oxford :   |b Heinemann,   |c 1992 
650 0 0 |a English language  |x Readers. 
852 |a INST  |b CHIOS  |e 19950309  |h 428.64 WHI  |p 005200003900  |q 005200003900  |t BK  |y 0 
909 |a Χ  |b 037372